| 000 | 00394cam a2200169ua 4500 | ||
|---|---|---|---|
| 020 | _c3.00 | ||
| 041 |
_amal _h |
||
| 082 |
_a894.812308 _bMAR/PA |
||
| 100 | _aMarar, S K . | ||
| 245 |
_aPanchari / _cS K Marar. _hTextual Documents |
||
| 260 |
_aKodungallur : _bKerala Book House , _c1966. |
||
| 300 | _a226 ; . | ||
| 365 | _a3.00 | ||
| 504 | _a | ||
| 942 | _cBK | ||
| 999 |
_c6075 _d6075 |
||